Basics of communication in English : (Record no. 74780)

MARC details
000 -LEADER
fixed length control field 00725nam a22002177a 4500
005 - DATE AND TIME OF LATEST TRANSACTION
control field 20130422163332.0
008 - FIXED-LENGTH DATA ELEMENTS--GENERAL INFORMATION
fixed length control field 130422b xxu||||| |||| 00| 0 eng d
010 ## - LCCN (DPL NO)
LC control number ENG-106899
020 ## - INTERNATIONAL STANDARD BOOK NUMBER
International Standard Book Number 0230324428
Terms of availability 295.00
020 ## - INTERNATIONAL STANDARD BOOK NUMBER
International Standard Book Number 9780230324428
Terms of availability 295.00
035 ## - SYSTEM CONTROL NUMBER
System control number EN-90432
037 ## - SOURCE OF ACQUISITION
Source of stock number/acquisition DBAD/PUB
040 ## - CATALOGING SOURCE
Original cataloging agency DPL
Language of cataloging Eng
082 ## - DEWEY DECIMAL CLASSIFICATION NUMBER
Classification number 485
100 ## - MAIN ENTRY--PERSONAL NAME
Personal name Soundararaj, Francis
245 ## - TITLE STATEMENT
Title Basics of communication in English :
Statement of responsibility, etc by Francis Soundararaj
Remainder of title soft skills for listening, speaking, reading and writing /
260 ## - PUBLICATION, DISTRIBUTION, ETC. (IMPRINT)
Place of publication, distribution, etc Gurgaon
Name of publisher, distributor, etc Macmillan Publishers
Date of publication, distribution, etc 2012
270 ## - ADDRESS
Address 3A, 5th Floor, DLF Corporate Park
City Gurgaon
Postal code 122002
300 ## - PHYSICAL DESCRIPTION
Extent xvi,292p. :
Dimensions 32cm(pbk)
Other physical details ill.
942 ## - ADDED ENTRY ELEMENTS (KOHA)
Source of classification or shelving scheme Dewey Decimal Classification
Item type English Books
Classification part 485
Call number suffix SOU
Holdings
Withdrawn status Lost status Source of classification or shelving scheme Damaged status Not for loan Collection code Home library Current library Date acquired Source of acquisition Cost, normal purchase price Total Checkouts Full call number Barcode Date last seen Copy number Cost, replacement price Koha item type
    Dewey Decimal Classification   Not For Loan Non-fiction D.B.Act.Division D.B.Act.Division 22/04/2013 DBAD/PUB 295.00   485 SOU EN-90432 22/04/2013 1 295.00 English Books

© Delhi Public Library
Hit Counter
free hit counter